Taylor Swift - Compléter le refrain de Cruel Summer - Statistiques

Statistiques générales
  • Ce quiz a été pris 67 fois
  • Le résultat moyen est 4 sur 5
Statistiques - réponses
Question Réponse % Correct
And it's new, the *** of your body shape
95%
But ooh, woah-oh. It's a *** cruel summer with you
78%
It's cool, that's what I *** 'em tell
73%
It's ***, the feeling I've got. And it's ooh, woah-oh. It's a cruel summer blue
68%
No rules *** heaven in breakable
43%
Aucun quiz correspondant
Distribution des résultats
% des personnes avec chaque résultat
Percentile par nombre de réponses
Votre historique - résultats
Vous n’avez pas pris ce quiz